The American Civil War - Statistics

General Stats
  • This quiz has been taken 8 times
  • The average score is 14 of 30
Answer Stats
Hint Answer % Correct
5) What cash crop did the South grow thatwas vital to their economy? Cotton
88%
2) Which West Point general was commander of the Southern Army? Robert E Lee
88%
8) Theater in which he was shot Fords
75%
13) What PA battle was considered a major turningpoint in the war, but also the costliest? Gettysburg
75%
27) In what state did Lincoln practice most of hislaw career? Illinois
75%
21) Who was president of the Confederacy? Jefferson Davis
75%
9) What famous actor pulled the trigger thatkilled Lincoln? John Wilkes Booth
75%
4) What was the capital of the Confederacy? Richmond
75%
1) In what state was the battle of Ft Sumter? South Carolina
75%
6) What battle near the rural town of Sharpsburg,MD, is one of the most brutal single day conflicts? Antietam
63%
28) What state was Lincoln born in, in 1809? Kentucky
63%
23) What general, and later president, commandedthe Union army? Ulysses Grant
63%
20) What was the term for those who favored to end slavery? Abolitionist
50%
15) What was the disastrous Confederate assault on aUnion brigade at Gettysburg which ended in most of them killed? Picketts Charge
50%
17) What plan was the Unions reintegrating the Southernstates back into the Union after the war? Reconstruction
50%
25) What Mississippi river town was a major Unionvictory in May 1863? Vicksburg
50%
24) Where did General Lee surrender to the aboveon April 9, 1865? Appomattox Court House
38%
19) What famous speech did Lincoln give in 1863 thatdeclared all slaves free? Emancipation Proclamation
38%
29) What white supremacist group was founded in TNby Civil War veterans? Ku Klux Klan
38%
22) What battle in rural Tennessee occurred on April 6, 1862? Shiloh
38%
11) What state is the above a motto for? Virginia
38%
3) Name of the army he commanded Army of Northern Virginia
25%
16) What Maryland physician was charged with aidingBooth in his escape by healing his broken leg? Samuel Mudd
25%
12) What general led his men on a pillagingquest through Georgia in order to reach the coast? William Sherman
25%
30) What naval battle in coastal VA ended in a drawwith ironclad ships? Hampton Roads
13%
7) What play was Lincoln attending when he wasassassinated? Our American Cousin
13%
10) What did the above yell as heattempted to escape? Sic Semper Tyrannis
13%
14) What co-conspirator escaped with Booth andwas captured in a VA barn? David Herold
0%
26) What Army major was with Lincoln and Mary atthe night of the assassination? Henry Rathbone
0%
18) What boardinghouse owner was convicted and hanged for aiding Booth in his escape? Mary Surratt
0%
No matching quizzes found
Score Distribution
Percent of People with Each Score
Percentile by Number Answered
Your Score History
You have not taken this quiz